Kluby z Bundesligi - Statystyki

Ogólne statystyki
  • Ten quiz został rozwiązany 164 razy
  • Średni wynik to 11 z 18
Statystyki odpowiedzi
Kluby z niemieckiej Bundesligi % Poprawnych
Bayer Leverkusen
100%
Bayern Monachium
97%
Borussia Dortmund
95%
FC Schalke 04 Gelsenkirchen
73%
VfL Wolfsburg
69%
RB Lipsk
66%
Union Berlin
63%
Werder Brema
63%
1. FC Köln
61%
Borussia Mönchengladbach
60%
Eintracht Frankfurt
56%
TSG Hoffenheim
54%
Hertha BSC Berlin
53%
1. FSV Mainz 05
48%
FC Augsburg
48%
SC Freiburg
44%
Fortuna Düsseldorf
39%
SC Paderborn 07
29%
Nie znaleziono quizów pasujących do podanych kryteriów
Rozkład punktacji
Procent ludzi z każdym wynikiem
Percentyl według liczby udzielonych odpowiedzi
Twoja historia wyników
Nie rozwiązałeś tego quizu